Central Library OPAC University of Rajshahi
Normal view MARC view

Entry Personal Name

Number of records used in: 2

001 - CONTROL NUMBER

  • control field: 10249

003 - CONTROL NUMBER IDENTIFIER

  • control field: BD-RjUL

005 - DATE AND TIME OF LATEST TRANSACTION

  • control field: 20231129121613.0

008 - FIXED-LENGTH DATA ELEMENTS

  • fixed length control field: 231129|| aca||aabn | a|a d

040 ## - CATALOGING SOURCE

  • Original cataloging agency: BD-RjUL
  • Transcribing agency: BD-RjUL

100 ## - HEADING--PERSONAL NAME

  • Personal name: ভট্টাচার্য, দেবব্রত

670 ## - SOURCE DATA FOUND

  • Source citation: Work cat.: (BD-RjUL)82374: ভট্টাচার্য, দেবব্রত , ভারতীয় লোকজীবন ও সাহিত্যে ডাইনিবৃত্তির প্রভাব ও প্রসার /, ২০০৮